[Event "Cheliabinsk Kurnosov Memorial rapid"]
[Site "Cheliabinsk"]
[Date "2017.09.09"]
[Round "5"]
[White "Pichugin, Andrei"]
[Black "Lysyj, Igor"]
[Result "0-1"]
[WhiteElo "2230"]
[BlackElo "2618"]
[PlyCount "52"]
[EventDate "2017.09.08"]
[EventType "swiss (rapid)"]
[EventRounds "11"]
[EventCountry "RUS"]
[SourceTitle "CBM 180 Extra"]
[Source "ChessBase"]
[SourceDate "2017.10.06"]
[SourceVersion "1"]
[SourceVersionDate "2017.10.06"]
[SourceQuality "1"]

1. e4 e5 2. Nf3 Nc6 3. Nc3 Nf6 4. d4 exd4 5. Nxd4 Bc5 6. Be3 Bb6 7. Be2 0-0 8. 0-0 Re8 9. Nxc6 bxc6 10. Bg5 h6 11. Bh4 d6 12. Bd3 Bd4 13. Re1 Rb8 14. Rb1 Rxb2 15. Rxb2 Bxc3 16. Rb1 Bxe1 17. Qxe1 g5 18. Bg3 c5 19. f3 d5 20. Rd1 c6 21. Qc3 dxe4 22. Be2 Nd5 23. Qxc5 Qb6 24. Bf2 Qxc5 25. Bxc5 Nc3 26. Rd2 e3 0-1